000
00425nam a22001217a 4500
008
110513t xxu||||| |||| 00| 0 eng d
082
_a
348.043
245
_a
Law Reports of the Commonwealth 2001 Vol 3 /
260
_a
London:
_b
Butterworths,
_c
2011.
300
_a
v;
942
_2
ddc
_c
BK
999
_c
1850
_d
1850